<?xml version="1.0" encoding="UTF-8"?>
<record
    xmlns:xsi="http://www.w3.org/2001/XMLSchema-instance"
    xsi:schemaLocation="http://www.loc.gov/MARC21/slim http://www.loc.gov/standards/marcxml/schema/MARC21slim.xsd"
    xmlns="http://www.loc.gov/MARC21/slim">

  <leader>01840nam a22001937a 4500</leader>
  <controlfield tag="008">120531t        xxu||||| |||| 00| 0 eng d</controlfield>
  <datafield tag="020" ind1=" " ind2=" ">
    <subfield code="a">9780471333494</subfield>
  </datafield>
  <datafield tag="050" ind1=" " ind2=" ">
    <subfield code="a">HF5548.4.L5G59</subfield>
  </datafield>
  <datafield tag="100" ind1=" " ind2=" ">
    <subfield code="a">Goncalves, Marcus</subfield>
  </datafield>
  <datafield tag="245" ind1=" " ind2=" ">
    <subfield code="a">Linux at work: building strategic applications for business. /</subfield>
    <subfield code="c">Marcus, Goncalves</subfield>
  </datafield>
  <datafield tag="260" ind1=" " ind2=" ">
    <subfield code="a">New York:</subfield>
    <subfield code="b">Wiley Computer[Publishing,</subfield>
    <subfield code="c">1999.</subfield>
  </datafield>
  <datafield tag="300" ind1=" " ind2=" ">
    <subfield code="a">xx, 363 p.:</subfield>
    <subfield code="b">ill.;</subfield>
    <subfield code="c">24cm.</subfield>
  </datafield>
  <datafield tag="500" ind1=" " ind2=" ">
    <subfield code="a">Includes index.</subfield>
  </datafield>
  <datafield tag="505" ind1=" " ind2=" ">
    <subfield code="a">Contents: Linux operating system: An overview of linux and the market : Introduction -- Linux community -- Linux technocracy: Open source -- Linux : a religious experience -- Engage your primal urge to leave a legacy -- Linux support exceeds all other comercial operating systems -- Linux power : A stable solution for information technology -- A customizable solution -- Linux's technical specifications -- Under the hood of linux -- Managing and administering sever : Linux as a self-sustaining server -- Linux for business applications : Linux for internet applications -- Linux for business advantage -- Intergrating linux solution with business -- Subverting the push for new technology -- Linux versus windows NT : Linux and NT: Aside form the halloween document -- A little bit of history on windows NT -- The need for porting windows - based applications to linux -- NT versus linux : A matter of security -- References and resources for linux: Why does microsoft need linux? -- Using linux business products and tools -- Appendix A : The Care and feeding of a linux systems administrator -- Appendix B: List of internet / web- based linux resources -- Appendix C : What's on the CD-ROM? -- Appendix D: Partial list of linux consultants. </subfield>
  </datafield>
  <datafield tag="650" ind1=" " ind2=" ">
    <subfield code="a">Linux. </subfield>
  </datafield>
  <datafield tag="650" ind1=" " ind2=" ">
    <subfield code="a">Business </subfield>
    <subfield code="x"> Computer programs. </subfield>
  </datafield>
  <datafield tag="650" ind1=" " ind2=" ">
    <subfield code="a">Operating systems (Computers) </subfield>
  </datafield>
  <datafield tag="942" ind1=" " ind2=" ">
    <subfield code="2">lcc</subfield>
    <subfield code="c">BK</subfield>
  </datafield>
  <datafield tag="999" ind1=" " ind2=" ">
    <subfield code="c">1052</subfield>
    <subfield code="d">8552</subfield>
  </datafield>
  <datafield tag="952" ind1=" " ind2=" ">
    <subfield code="0">0</subfield>
    <subfield code="1">0</subfield>
    <subfield code="2">lcc</subfield>
    <subfield code="4">0</subfield>
    <subfield code="7">0</subfield>
    <subfield code="a">WIUC-1</subfield>
    <subfield code="b">WIUC-1</subfield>
    <subfield code="c">GEN</subfield>
    <subfield code="d">2012-05-31</subfield>
    <subfield code="l">0</subfield>
    <subfield code="o">HF5548.4.L5G59</subfield>
    <subfield code="p">2438/12</subfield>
    <subfield code="r">2012-05-31 00:00:00</subfield>
    <subfield code="t">1</subfield>
    <subfield code="w">2012-05-31</subfield>
    <subfield code="y">BK</subfield>
  </datafield>
  <datafield tag="952" ind1=" " ind2=" ">
    <subfield code="0">0</subfield>
    <subfield code="1">0</subfield>
    <subfield code="2">lcc</subfield>
    <subfield code="4">0</subfield>
    <subfield code="7">0</subfield>
    <subfield code="a">WIUC-1</subfield>
    <subfield code="b">WIUC-1</subfield>
    <subfield code="c">GEN</subfield>
    <subfield code="d">2012-05-31</subfield>
    <subfield code="l">0</subfield>
    <subfield code="o">HF5548.4.L5G591</subfield>
    <subfield code="p">2439/12</subfield>
    <subfield code="r">2012-05-31 00:00:00</subfield>
    <subfield code="t">2</subfield>
    <subfield code="w">2012-05-31</subfield>
    <subfield code="y">BK</subfield>
  </datafield>
</record>
